000 00248 a2200097 4500
001 32359
100 _aPopvic, Dobrivoje
245 _aMethods and tools for applied artificial intelligence
260 _aN.Y
_bmarcel Dekke
_c
090 _c21736
_d21736
942 _aNUST-CAE
_cM
_c13043
999 _c267432
_d267432